000 00569nam a22002177a 4500
999 _c2868
_d2868
003 OSt
005 20210723054504.0
008 210723b ||||| |||| 00| 0 eng d
020 _a007061193
020 _a97800071061193
040 _cALUPE UNIVERSITY
050 _aHF5635
_b.A2 2010
110 _aSheridan Institute of Technology
245 _aAccounting 1 ACCG16971
250 _a-
260 _aCanada
_bMcGraw-Hill
_c2010
300 _a519p.;
_bill, [some col.]
_c27cm
500 _aincludes index.
650 _aAccounting, Bookkiping.
942 _2lcc
_cBK
_nJO